France Dependents Quiz Stats

 Plays Quiz Updated Jun 3, 2021

Support Sporcle.
Go Orange.
Score 0/8 Timer 03:00
0 Plays Today
Dependent % Correct
French Polynesia
64.7%
New Caledonia
55.4%
Saint Martin
41.1%
Saint Pierre and Miquelon
31.8%
Wallis and Futuna
24.2%
Saint Barthelemy
17.8%
Clipperton Island
16.4%
French Southern and Antarctic Lands
9.6%

From the Vault

Saturday Sudoku XLIX

by HPGirl

The time for more numbers in boxes has arrived!
Remove Ads.
Support Sporcle.
Get the best of Sporcle when you Go Orange. This ad-free experience offers more features, more stats, and more fun while also helping to support Sporcle. Thank you for becoming a member.

Show Comments

Extras

Top Quizzes Today


Score Distribution

Your Account Isn't Verified!

In order to create a playlist on Sporcle, you need to verify the email address you used during registration. Go to your Sporcle Settings to finish the process.

Report this User

Report this user for behavior that violates our Community Guidelines.

Details: